| 000 | 00833nam a22002412 4500 | ||
|---|---|---|---|
| 001 | 0000019617 | ||
| 005 | 20151217152158.0 | ||
| 008 | 110113s xx 000 0 eng d | ||
| 020 | _a0130888826 : | ||
| 040 |
_aKABU _cKABU |
||
| 100 | 1 |
_aHarris, Richard W. _@0000179409 |
|
| 245 | 1 | 0 |
_aArboriculture : _bintergrated management of landscape trees, shrubs, and vines / _cRichard W. Harris, James R. Clark and Nelda P. Matheny. |
| 250 | _a4th ed. | ||
| 260 |
_aUpper Saddle River, New Jersey : _bPrentice hall, _c2004. |
||
| 300 | _axii, 578p. | ||
| 650 | 0 |
_aArboriculture. _@0000179410 |
|
| 650 | 0 |
_aOrnamental woody plants. _@0000179411 |
|
| 700 | 1 |
_aClark, James R. _@0000179412 |
|
| 700 | 1 |
_aMatheny, Nelda P. _@0000179413 |
|
| 852 | 1 | _9p6595 KES | |
| 908 | _a110113 | ||
| 950 | _@1 | ||
| 999 |
_c9017 _d9017 |
||